Biblioteka Instytutu Północnego w Olsztynie

Nie zabijaj : (Rekord nr 27495)

Szczegóły MARC
000 -Nagłówek
fixed length control field 02638cam a2200589 i 4500
001 - Nr kontrolny bibl., która utworzyła rek.
control field xx004710482
003 - Siglum bibl., której nr kontr. jest w 001
control field NUKAT
005 - Data i czas ostatniej operacji
control field 20260409113119.0
008 - Elementy pola stałej długości
fixed length control field 190930s2019 pl a g |001 0 pol c
020 ## - ISBN
ISBN 9788380986930
dopowiedzenie (oprawa twarda) :
warunki dostępności zł 40,00
035 ## - Systemowy numer kontrolny
systemowy numer kontrolny (OCoLC)1121429817
035 ## - Systemowy numer kontrolny
systemowy numer kontrolny (NUKAT)xx004710482
040 ## - Instytucja sporządzająca opis
Instytucja, która sporządziła opis KAT U/MB
język katalgowania-trzyzn. kod pol
zasady opisu rda
Instytucja, która sporządziła rekord KAT U/MBs
Instytucja, która zmodyfikowała rekord KAT U/DB
-- WR O/IS
-- OLSZT 008/bak
045 2# - Okres czasu dla zawartości
czas między r. 9999 pne a nasz. czas. d1918
-- d1945
046 ## - Kod rodz. daty, data1, data2 (daty pne)
Begin/single date 2019
245 00 - Tytuł właściwy i oznaczenie odpow.
tytuł Nie zabijaj :
dodatek do tytułu nacjonalizm i ludobójstwo na Kresach wobec Kościoła, etyki chrześcijańskiej i zasad humanizmu /
dod. inf. ze s. tyt./ozn. odpow. wstęp i redakcja naukowa Włodzimierz Osadczy, Adam Kulczycki ; Instytut Pamięci Narodowej Komisja Ścigania Zbrodni przeciwko Narodowi Polskiemu. Oddział w Lublinie.
260 ## - Adres wydawniczy
miejsce wydania, dystrybucji itp. Warszawa ;
-- Lublin :
nazwa wydawcy, dystrybutora itp. Instytut Pamięci Narodowej Komisja Ścigania Zbrodni przeciwko Narodowi Polskiemu. Oddział,
data wydania, dystrybucji itp. 2019.
300 ## - Opis fizyczny
objętość i/lub forma materiału 415 stron :
inne szczegóły opisu fizycznego ilustracje kolorowe ;
format 25 cm.
336 ## - Content Type
Term Tekst
Code txt
Source rdacontent
337 ## - Media Type
Term Bez urządzenia pośredniczącego
Code n
Source rdamedia
338 ## - Carrier Type
Term Wolumin
Code nc
Source rdacarrier
380 ## - Form of work
Form of work Książki
380 ## - Form of work
Form of work Publikacje naukowe
388 1# - TIME PERIOD OF CREATION
Time period of creation term 2001-
504 ## - Uwaga o bibliografii
uwaga o bibliografii Indeksy.
610 27 - Hasło przedmiotowe-nazwa ciała zbior.
nazwa ciała zbior. lub geogr. Kościół katolicki
źródło hasła DBN
9 (RLIN) 37102
610 27 - Hasło przedmiotowe-nazwa ciała zbior.
nazwa ciała zbior. lub geogr. Organizacja Ukraińskich Nacjonalistów (OUN)
źródło hasła DBN
9 (RLIN) 39736
610 27 - Hasło przedmiotowe-nazwa ciała zbior.
nazwa ciała zbior. lub geogr. Ukraińska Powstańcza Armia (UPA)
źródło hasła DBN
9 (RLIN) 39224
648 #7 - SUBJECT ADDED ENTRY--CHRONOLOGICAL TERM
Chronological term 1901-2000
Source of heading or term DBN
9 (RLIN) 34996
648 #7 - SUBJECT ADDED ENTRY--CHRONOLOGICAL TERM
Chronological term 1918-1939
Source of heading or term DBN
9 (RLIN) 36041
648 #7 - SUBJECT ADDED ENTRY--CHRONOLOGICAL TERM
Chronological term 1939-1945
Source of heading or term DBN
9 (RLIN) 36042
650 #7 - Hasło przedmiotowe-nazwa pospolita
nazwa pospolita lub geogr. Etyka chrześcijańska
źródło hasła DBN
9 (RLIN) 36224
650 #7 - Hasło przedmiotowe-nazwa pospolita
nazwa pospolita lub geogr. Humanizm (prąd)
źródło hasła DBN
9 (RLIN) 39737
650 #7 - Hasło przedmiotowe-nazwa pospolita
nazwa pospolita lub geogr. Kościoły greckokatolickie
źródło hasła DBN
9 (RLIN) 39738
650 #7 - Hasło przedmiotowe-nazwa pospolita
nazwa pospolita lub geogr. Nacjonalizm
źródło hasła DBN
9 (RLIN) 39739
650 #7 - Hasło przedmiotowe-nazwa pospolita
nazwa pospolita lub geogr. Zbrodnia wołyńska (1943-1944)
źródło hasła DBN
9 (RLIN) 37222
650 #7 - Hasło przedmiotowe-nazwa pospolita
nazwa pospolita lub geogr. Nacjonalizm
określnik geograficzny Ukraina
określnik chronologiczny 1900-1945.
źródło hasła kaba
9 (RLIN) 39740
650 #7 - Hasło przedmiotowe-nazwa pospolita
nazwa pospolita lub geogr. Ludobójstwo
określnik geograficzny Ukraina
określnik chronologiczny 1900-1945.
źródło hasła kaba
9 (RLIN) 39741
650 #7 - Hasło przedmiotowe-nazwa pospolita
nazwa pospolita lub geogr. Ludobójstwo
określnik geograficzny Kresy Wschodnie.
źródło hasła kaba
9 (RLIN) 39742
650 #7 - Hasło przedmiotowe-nazwa pospolita
nazwa pospolita lub geogr. Chrześcijaństwo i polityka
określnik chronologiczny 1900-1945.
źródło hasła kaba
9 (RLIN) 39743
651 #7 - Hasło przedmiotowe-nazwa geogr.
nazwa geograficzna Kresy wschodnie Rzeczypospolitej
źródło hasła DBN
9 (RLIN) 36023
651 #7 - Hasło przedmiotowe-nazwa geogr.
nazwa geograficzna Ukraina
źródło hasła DBN
9 (RLIN) 37199
655 #7 - Termin określający rodzaj/formę
rodzaj/forma Praca zbiorowa
źródło terminu DBN
9 (RLIN) 35107
658 ## - Nazwa określająca cel programu nauczania
główny cel programu nauczania Filozofia i etyka
658 ## - Nazwa określająca cel programu nauczania
główny cel programu nauczania Historia
658 ## - Nazwa określająca cel programu nauczania
główny cel programu nauczania Religia i duchowość
700 1# - Hasło dodatkowe - nazwa osobowa
nazwa osobowa Kulczycki, Adam
tytuł i in. dopow. dot. nazwy (nauki polityczne).
rodzaj współpracy Wstęp
-- Redakcja
9 (RLIN) 39734
700 1# - Hasło dodatkowe - nazwa osobowa
nazwa osobowa Osadczy, Włodzimierz
daty biograficzne (1969- ).
rodzaj współpracy Wstęp
-- Redakcja
9 (RLIN) 39735
710 2# - Hasło dodatkowe - nazwa ciała zbior.
nazwa ciała zbior. lub nazwa geogr. Instytut Pamięci Narodowej - Komisja Ścigania Zbrodni przeciwko Narodowi Polskiemu.
nazwa jednostki podrzędnej Oddział (Lublin).
rodzaj współpracy Instytucja sprawcza
-- Wydawca
kod rodzaju współpracy pbl
9 (RLIN) 14495
920 ## - ISBN
ISBN 978-83-8098-693-0 (oprawa twarda) : zł 40,00
942 ## - ADDED ENTRY ELEMENTS (KOHA)
Source of classification or shelving scheme Dewey Decimal Classification
Koha item type pozycje dostępne na miejscu
Egzemplarze
Status wycofania Status zagubienia Klasyfikacja Status uszkodzenia Blokada wypożyczeń Kolekcja Lokalizacja macierzysta Lokalizacja bieżąca Data nabycia Numer akcesji Źródło akcesji Cena Nr inwentarzowy il. wypożyczeń Sygnatura Kod kreskowy Date last seen Price effective from Typ egz.
    Dewey Decimal Classification nieuszkodzona   książka w magazynie Biblioteka Instytutu Północnego w Olsztynie Biblioteka Instytutu Północnego w Olsztynie 15/11/2019 D-38/2019 dar 40.00 59864   59864 IPWK21563 09/04/2026 09/04/2026 pozycje dostępne na miejscu
Biblioteka Instytutu Północnego, ul. Partyzantów 87, 10-402 Olsztyn, email: biblioteka(at)ip.olsztyn.pl